Регионална библиотека "Любен Каравелов" - Русе

Конюнктура и прогнозиране на световните стокови пазари (Запис номер 36274)

MARC детайли
000 -Лидер
Контролно поле с фиксирана дължина 01432nam a2200313 c 4500
003 - Код на организацията, давaща контролен номер
Контролно поле BLK
005 - Дата и час на последна редакция
Контролно поле 20180422100440.0
008 - Елементи от данни с фиксирана дължина
fixed length control field 180408b bul|||||r ||||||| ||bul||
010 ## - Наследен системен номер
LC control number KNG00039171000
020 ## - Международен стандартен номер на книга ISBN
Международен стандартен номер на книга ISBN 978-954-02-
-- издат.: Наука и изкуство
040 ## - Източник на каталожния запис
Идентификатор на билиотеката - собственик на записа BLK
041 ## - Код за език
Код за езика на текст/звукозапис или на отделно заглавие Български
Код за езика КДБФ Български
080 ## - УДК
Текстов определител УДК Пазар. Анализ на пазара. Търсене. Предлагане. Конкуренция. Маркетингова логистика
УДК код - определител по УДК 339.13
УДК определител (075.8)
УДК - код + определител 339.13(075.8)
100 1# - Редна дума - Автор
Автор Василев, Димитър
Авторска отговорност първи автор
Автор - информация (биография) Йотов, Димитър Василев
R(LIN) 364878
139 ## - Редно поле
Редна дума Василев, Димитър
Авторски знак Васи - В 24
245 10 - Сведения за заглавието
Заглавие Конюнктура и прогнозиране на световните стокови пазари
Подзаглавни данни [ Учебник за студентите от ВИИ К. Маркс - София ]
Редно поле (дума) Димитър Василев.
250 ## - Област на изданието
Сведения за изданието 2. изд.
257 ## - Страна на издаване
Страна на създаване/издаване България
260 ## - Област на издателските данни
-- София
Име на издателя, разпространителя и проч. Наука и изкуство
Година на издаване 1987
Печатница Плевен : Ал. Пъшев
300 ## - Физическа характеристика
Страници 284 с.
Илюстрации и др. с табл.
Размери/Мащаб 22 см.
380 ## - Жанр
Жанр Обществени науки
650 #4 - Допълнително описание по предмет – тема
Основно описание – тема или топоним Външна търговия - учебници за ВУЗ
9 (RLIN) 253777
650 #4 - Допълнително описание по предмет – тема
Основно описание – тема или топоним Пазари, международни
9 (RLIN) 245952
852 ## - Местоположение
Форматна сигнатура Цб 146959
856 4# - Електронен адрес и достъп
Електронен формат pdf - файл
Път до файла /url/
856 4# - Електронен адрес и достъп
Електронен формат pdf - файл
Път до файла /url/
942 ## - АРТИКУЛИ
Вид на библиотечния материал Книги
Скрит в OPAC Не
944 ## - СЪЗДАВАНЕ И РЕДАКЦИЯ на ЗАПИСА
Създаване/Редакция Създаване
Дата на регистрацията/редакция 22.08.2016
Служител, извършил регистрацията/редакцията Вася_Ганчева
944 ## - СЪЗДАВАНЕ И РЕДАКЦИЯ на ЗАПИСА
Създаване/Редакция Редакция
Дата на регистрацията/редакция 22.08.2016
Служител, извършил регистрацията/редакцията Вася_Ганчева
999 ## - СИСТЕМНИ КОНТРОЛНИ НОМЕРА
Koha biblionumber 36274
Koha biblioitemnumber 36274
Наличности
Код за отписване Код за изгубен артикул Източник на класификационната схема Код за повреда Коз за рестрикции Код за отдаване Артикулен № Име на библиотеката - собственик Име на библиотеката, в която се намира в момента Статус (Текущо местоположение) Дата на вписване в системата Местоположение - отдел Цена в лева Инвентарен номер Систематично азбучна сигнатура Баркод Номер на екземпляра Цена в евро Служебна бележка Служебен тип на артикула
  Не е изгубен Universal Decimal Classification Не е повреден без рестрикции ползва се в читалня 57201 Регионална библиотека "Любен Каравелов" Русе Регионална библиотека "Любен Каравелов" Русе Хранилище 1987-01-01 Хранилище 1.00 474233 Цб 146959 120000474233 1 0.51 Дост: Dp Вид: Д N: стар фонд Дата: 01.01.1987 Книги
Изтеглен Не е изгубен Universal Decimal Classification Не е повреден без рестрикции заемане за дома 57202 Регионална библиотека "Любен Каравелов" Русе Регионална библиотека "Любен Каравелов" Русе Заемна - подръчен фонд 1987-01-01 Заемна - подръчен фонд 1.69 478478 П 382/ В 24 478478 2 0.86 Дост: Pk Вид: Сф N: стар фонд Дата: 01.01.1987 Книги
Vip Innovations Ltd, Rousse, Bulgaria 2025